书目信息 |
| 题名: |
未来世界
|
|
| 作者: | 黄成洲 主编 | |
| 分册: | ||
| 出版信息: | 西安 西北工业大学出版社 2000.08 |
|
| 页数: | 226页 | |
| 开本: | 32开 | |
| 丛书名: | ||
| 单 册: | ||
| 中图分类: | H319.4 | |
| 科图分类: | ||
| 主题词: | 英语 | |
| 电子资源: | ||
| ISBN: | 7-5612-1256-9 | |
| 000 | 00537nam0 2200193 45 | |
| 001 | 0012200982 | |
| 005 | 20001220090318.5 | |
| 010 | @a7-5612-1256-9@d10.00元 | |
| 100 | @a20001220d2000 km y0chiy0120 ea | |
| 101 | 0 | @achi |
| 105 | @a z 000yy | |
| 200 | 1 | @a未来世界@AWei Lai Shi Jie@f黄成洲主编@FHuang Cheng Zhou Zhu Bian |
| 210 | @a西安@c西北工业大学出版社@d2000.08 | |
| 215 | @a226页@d32开 | |
| 606 | 0 | @a英语 |
| 690 | @aH319.4@v3 | |
| 701 | 0 | @a黄成洲@4主编 |
| 801 | @aCN@bPftUser@c20001220 | |
| 905 | @b309802-804@dH319.4@eH961@f3 | |
| 未来世界/黄成洲主编.-西安:西北工业大学出版社,2000.08 |
| 226页;32开 |
| ISBN 7-5612-1256-9:10.00元 |
| ● |
| 相关链接 |
|
|
|
正题名:未来世界
索取号:H319.4/H961
 
预约/预借
| 序号 | 登录号 | 条形码 | 馆藏地/架位号 | 状态 | 备注 |
| 1 | 309802 | 203098021 | 语言库209/209语言库 45排6列5层/ [索取号:H319.4/H961] | 在馆 | |
| 2 | 309803 | 203098030 | 语言库209/209语言库 45排6列5层/ [索取号:H319.4/H961] | 在馆 | |
| 3 | 309804 | 203098049 | 语言库209/209语言库 45排6列5层/ [索取号:H319.4/H961] | 在馆 |